[Event "31st Liechtenstein Open 2013"]
[Site "Triesen LIE"]
[Date "2013.05.07"]
[Round "5.5"]
[White "Farago,I"]
[Black "Bezler,R"]
[Result "1-0"]
[WhiteElo "2445"]
[BlackElo "2206"]

1.d4 d5 2.c4 c6 3.Nc3 Nf6 4.e3 e6 5.Nf3 Nbd7 6.Qc2 Bd6 7.Bd3 O-O 8.O-O dxc4
9.Bxc4 b5 10.Be2 Bb7 11.Rd1 Qb8 12.e4 e5 13.g3 b4 14.dxe5 Nxe5 15.Nxe5 Bxe5
16.Na4 c5 17.Bf3 Rc8 18.Be3 c4 19.Nc5 c3 20.bxc3 Bxc3 21.Rab1 Bc6 22.Be2 Qe5
23.f3 Be8 24.Nd3 Qe7 25.Nf4 a5 26.Bd3 Bd4 27.Qf2 Bxe3 28.Qxe3 Rc5 29.Re1 Bb5
30.e5 Re8 31.e6 Bxd3 32.Qxd3 Rc3 33.Qb5 Qa7+ 34.Kh1 Qa8 35.exf7+ Kxf7 36.Rxe8 Qxe8
37.Qxa5 Qe3 38.Rf1 Rc1 39.Rxc1 Qxc1+ 40.Kg2 Qd2+ 41.Kh3 Qd6 42.Qa7+ Kg8 43.Qa8+ Kf7
44.Qb7+ Kg8 45.Qc8+ Kf7 46.Qc4+ Ke7 47.Nd3 Nd5 48.Qh4+ Kf8 49.Qxh7 Qe6+ 50.g4 Qe2
51.Qf5+ Nf6 52.g5 Qf1+ 53.Kh4 Qg2 54.h3  1-0

[Event "FSIMA May 2013"]
[Site "Budapest HUN"]
[Date "2013.05.08"]
[Round "5.2"]
[White "Bayramgeldyev,Y"]
[Black "Aryan,C"]
[Result "1-0"]
[WhiteElo "2250"]
[BlackElo "2120"]

1.d4 d5 2.c4 c6 3.Nf3 Nf6 4.Nc3 e6 5.e3 Nbd7 6.Bd3 dxc4 7.Bxc4 b5 8.Bd3 Bd6
9.Ne4 Nxe4 10.Bxe4 Bb7 11.Qc2 Rc8 12.O-O Nf6 13.Bd3 Nd5 14.a3 g6 15.Rd1 O-O
16.e4 Nf4 17.Bf1 Bc7 18.Ne5 Nh5 19.Bh6 Re8 20.Rac1 f6 21.Nf3 Qe7 22.g3 Red8
23.Bh3 Rd6 24.Qb3 Re8 25.a4 Bb6 26.Be3 Ng7 27.Bg2 bxa4 28.Qxa4 Rc8 29.Nd2 Rcd8
30.Nc4 R6d7 31.Na5 Bxa5 32.Qxa5 e5 33.Qxa7 Ne6 34.Bh3 exd4 35.Bxe6+ Qxe6
36.Rxd4 Rxd4 37.Bxd4 Rd7 38.f3 Kf7 39.Qc5 Qd6 40.Qxd6 Rxd6 41.Bc3 c5 42.Ra1 Ra6
43.Rd1 Ke6 44.Kf2 Bc6 45.h4 Ra8 46.Ke3 Ba4 47.Rd2 Bc6 48.Kf4 Rc8 49.g4 Rf8
50.Rd1 Rc8 51.Ra1 Ra8 52.Rc1 Be8 53.g5 fxg5+ 54.hxg5 Ra7 55.Be1 Rb7 56.Bc3 Ra7
57.Rh1 Bc6 58.Ke3 Bb5 59.f4 Be8 60.Rh6 Re7 61.f5+ Kd6 62.Kf4 Bc6 63.e5+ Kd5
64.fxg6 hxg6 65.Rxg6 Rf7+ 66.Ke3 Be8 67.Rd6+ Kc4 68.e6 Rf5 69.Bf6 Rf1 70.e7 Re1+
71.Kf2 Re4 72.Rd8 Bh5 73.Rh8 Bf7 74.Kg3 Kb3 75.Rh7 Be8 76.Rg7 c4 77.Rg8 Bf7
78.Rb8+ Kc2 79.Rd8 Kb3 80.Kf3 Re1 81.Kf4 Rf1+ 82.Ke5 Re1+ 83.Kd6 Re2 84.Be5 Rg2
85.Rf8 Bh5 86.Rf3+ Ka2 87.Rg3 Rxg3 88.Bxg3 Kxb2 89.Kd7 c3 90.e8=Q Bxe8+ 91.Kxe8 c2
92.Bf4 c1=Q 93.Bxc1+ Kxc1 94.g6 Kd2 95.g7 Kd3 96.g8=Q Kd4 97.Kd7 Ke4 98.Kd6  1-0

[Event "14th Euro Indiv 2013"]
[Site "Legnica POL"]
[Date "2013.05.08"]
[Round "4.12"]
[White "Lenic,L"]
[Black "Grachev,B"]
[Result "1/2-1/2"]
[WhiteElo "2621"]
[BlackElo "2687"]

1.d4 d5 2.c4 c6 3.e3 Nf6 4.Nc3 e6 5.Nf3 Nbd7 6.Qc2 Bd6 7.Bd3 dxc4 8.Bxc4 b5
9.Be2 Bb7 10.O-O O-O 11.e4 e5 12.dxe5 Nxe5 13.Nd4 Neg4 14.g3 Bxg3 15.hxg3 Qxd4
16.Qd1 Qxd1 17.Rxd1 Rfe8 18.f3 Ne5 19.Be3 a5 20.Rac1 h5 21.b3 a4 22.b4 Bc8
23.Bd4 a3 24.f4 Nc4 25.Bxf6 gxf6 26.Bxc4 bxc4 27.Rd6 Kg7 28.Rxc6 Rd8 29.f5 Rd2
30.Rxc4 Rb2 31.Rd1 Ba6 32.Rc7 Rc8 33.Rxc8 Bxc8 34.b5 Rc2 35.Rd3 Bd7 36.Rxd7 Rxc3
37.Kg2 Rc2+ 38.Kf3 Rxa2 39.Ra7 Rb2 40.Rxa3 Rxb5 41.Ra7  1/2-1/2

[Event "Oceania Open zt 2013"]
[Site "Nadi FIJ"]
[Date "2013.05.08"]
[Round "7.15"]
[White "Bekker,G"]
[Black "Arvind,G"]
[Result "1/2-1/2"]
[WhiteElo "1827"]
[BlackElo "1659"]

1.d4 d5 2.c4 c6 3.Nf3 Nf6 4.Nc3 e6 5.e3 Be7 6.Bd3 O-O 7.O-O dxc4 8.Bxc4 Nd5
9.e4 Nxc3 10.bxc3 Nd7 11.Be3 Nf6 12.Qc2 h6 13.a4 Qc7 14.Rfe1 b6 15.Bd3 c5
16.Qd2 cxd4 17.cxd4 a5 18.Bf4 Bb4 19.Qxb4 Qxf4 20.Qxb6 Bd7 21.Qc5 Rfc8 22.Qe5 Qg4
23.h3 Qg6 24.Ra3 Ne8 25.Qf4 f6 26.e5 f5 27.Rc1 Qf7 28.Qd2 Nc7 29.Rc5 Qf8
30.Ra1 Qe8 31.Qa2 Nd5 32.Qb3 Rcb8 33.Bb5 Qg6 34.Nd2 Nf4 35.Qf3 Bxb5 36.Rxb5 Nd5
37.Nc4 Rc8 38.Rxa5 Rxa5 39.Nxa5 Rc3 40.Qd1 Nf4  1/2-1/2

[Event "14th Euro Indiv 2013"]
[Site "Legnica POL"]
[Date "2013.05.09"]
[Round "5.45"]
[White "Rodshtein,M"]
[Black "Gabuzyan,H"]
[Result "1/2-1/2"]
[WhiteElo "2638"]
[BlackElo "2532"]

1.d4 d5 2.c4 c6 3.Nc3 Nf6 4.e3 e6 5.Nf3 Nbd7 6.Bd3 dxc4 7.Bxc4 b5 8.Bd3 Bd6
9.Bd2 O-O 10.Rc1 Bb7 11.Ne4 Nxe4 12.Bxe4 Rc8 13.b4 f5 14.Bb1 e5 15.dxe5 Nxe5
16.Nxe5 Bxe5 17.Rc5 Bd6 18.Qb3+ Kh8 19.Rxf5 Qh4 20.g3 Qh6 21.Rf7 Qh5 22.Rxf8+ Rxf8
23.Be4 Qh3 24.f4 Qd7 25.Qd3 Qe7 26.a3 Rd8 27.Qc2 Re8 28.Bg2 c5 29.Bxb7 Qxb7
30.O-O c4 31.Re1 Bc7 32.Qf5 Bb6 33.Kf2 Kg8 34.Bc3 Rd8 35.Qe6+ Qf7 36.Qe5 Rd5
37.Qe4 Rd3 38.Bd4 h6 39.Bxb6 axb6 40.g4 Qd7 41.Kg3 Rxa3 42.Rd1 Qxd1  1/2-1/2

[Event "14th Euro Indiv 2013"]
[Site "Legnica POL"]
[Date "2013.05.09"]
[Round "5.79"]
[White "Zoler,D"]
[Black "Zawadzka,J"]
[Result "1/2-1/2"]
[WhiteElo "2533"]
[BlackElo "2383"]

1.d4 d5 2.c4 c6 3.Nf3 Nf6 4.Nc3 e6 5.e3 Nbd7 6.Qc2 Bd6 7.b3 O-O 8.Be2 Re8
9.O-O b6 10.Bb2 Bb7 11.e4 dxe4 12.Nxe4 Nxe4 13.Qxe4 Nf6 14.Qc2 Qe7 15.Rad1 Rad8
16.Ne5 c5 17.dxc5 Bxc5 18.Bf3 Bxf3 19.Nxf3 Ng4 20.h3 Nh6 21.Rxd8 Rxd8 22.Rd1 Nf5
23.Rd3 f6 24.Qd2 Rxd3 25.Qxd3 Qd6 26.Qxd6 Nxd6 27.Ne1 Ne4 28.Nd3 Kf7 29.Kf1 e5
30.Nxc5 Nxc5 31.Ke2 Ke6 32.Ke3 g6 33.Ba3 f5 34.g3 Ne4 35.Bb4 Nf6 36.Be1 Kd6
37.b4 g5 38.f3 h5 39.Kd3 g4 40.hxg4 hxg4 41.fxg4 Nxg4 42.a4 Nf6 43.Ke3 Ng4+
44.Kd3 Nf6  1/2-1/2

[Event "31st Liechtenstein Open 2013"]
[Site "Triesen LIE"]
[Date "2013.05.09"]
[Round "7.10"]
[White "Scheffknecht,P"]
[Black "Friedrich,N"]
[Result "1/2-1/2"]
[WhiteElo "2089"]
[BlackElo "2334"]

1.d4 d5 2.c4 c6 3.e3 Nf6 4.Nc3 e6 5.Nf3 Nbd7 6.Qc2 Be7 7.Bd3 O-O 8.O-O b6
9.Rd1 Bb7 10.b3 Qc7 11.Bb2 Rad8 12.Rac1 h6 13.Qe2 Qb8 14.Ne5 Nxe5 15.dxe5 dxc4
16.Bxc4 Nd7 17.f4 b5 18.Bd3 Nc5 19.Bb1 b4 20.Ne4 Nxe4 21.Bxe4 c5 22.Bd3 Bc6
23.e4 Rd7 24.f5 Rfd8 25.Bc4 Rxd1+ 26.Rxd1 Rxd1+ 27.Qxd1 Bb5 28.Qd3 Bxc4 29.Qxc4 Qd8
30.fxe6 Qd1+ 31.Qf1 Qxf1+ 32.Kxf1 fxe6 33.Ke2 Kf7 34.Kd3 Ke8 35.Kc4 a6 36.a3 Kd7
37.axb4 cxb4 38.Bd4  1/2-1/2

[Event "II Maremma Open"]
[Site "Grosseto ITA"]
[Date "2013.05.10"]
[Round "2"]
[White "Naumkin,I"]
[Black "Messina,R"]
[Result "1-0"]
[WhiteElo "2453"]
[BlackElo "1998"]

1.d4 d5 2.c4 c6 3.Nf3 Nf6 4.Nc3 e6 5.e3 Nbd7 6.Qc2 b6 7.Bd3 Bb7 8.O-O Be7
9.b3 Qc7 10.Bb2 Rd8 11.h3 h6 12.Rac1 Qb8 13.Ne5 Nxe5 14.dxe5 Nd7 15.f4 O-O
16.Qe2 Nc5 17.Bb1 dxc4 18.bxc4 Rd7 19.Qc2 g6 20.f5 exf5 21.Rxf5 Nd3 22.Nd5 Rxd5
23.cxd5 Nb4 24.Qf2 Nxd5 25.Rf1 Bg5 26.Bd4 Qc7 27.h4 c5 28.hxg5 gxf5 29.gxh6 f6
30.Bb2 fxe5 31.Qg3+ Kh7 32.Rxf5  1-0

[Event "Asian Zonal 3.1 w 2013"]
[Site "Doha QAT"]
[Date "2013.05.11"]
[Round "8.2"]
[White "Saleh,No"]
[Black "Al Khelaifi,S"]
[Result "1/2-1/2"]
[WhiteElo "1892"]
[BlackElo "1810"]

1.d4 d5 2.Nf3 Nf6 3.c4 e6 4.Nc3 c6 5.e3 Nbd7 6.Qc2 Bd6 7.Bd3 Qe7 8.h3 h6
9.O-O O-O 10.Rd1 Re8 11.b3 Bc7 12.cxd5 exd5 13.Nb5 Nf8 14.Ba3 Qd8 15.Nxc7 Qxc7
16.Ne5 Ne6 17.Rac1 Ng5 18.Bb2 Qd8 19.Qe2 Nfe4 20.Bxe4 dxe4 21.Qh5 Qf6 22.Ng4 Qf5
23.Rc5 Qh7 24.Rdc1 Ne6 25.Re5 Bd7 26.d5 Nf8 27.Rxe8 Rxe8 28.Ne5 g6 29.Qh4 cxd5
30.Nxd7 Nxd7 31.Rc7 g5 32.Qg3 Qf5 33.Qd6 Ne5 34.Qxh6 g4 35.Qh4 gxh3 36.Qg3+ Ng6
37.Rxb7 hxg2 38.Kxg2 Qh5 39.Bd4 Rc8 40.Rxa7 Kf8 41.Rb7 Nh4+ 42.Kh2 Nf3+ 43.Kg2 Ne1+
44.Kg1 Nf3+ 45.Kg2 Ne1+ 46.Kg1  1/2-1/2

[Event "Asian Zonal 3.1 2013"]
[Site "Doha QAT"]
[Date "2013.05.12"]
[Round "9.5"]
[White "Al Sayed,Mohamad"]
[Black "Al Hageri,B"]
[Result "1-0"]
[WhiteElo "2502"]
[BlackElo "2019"]

1.d4 d5 2.c4 c6 3.Nc3 Nf6 4.e3 e6 5.Nf3 Nbd7 6.Bd3 dxc4 7.Bxc4 Bd6 8.O-O O-O
9.Bb3 Qe7 10.h3 e5 11.Qc2 Bc7 12.Re1 h6 13.Bd2 e4 14.Nh4 Nb6 15.Ng6 Qd6 16.Ne5 Nbd7
17.f4 exf3 18.Nxf3 Nb6 19.e4 Qg3 20.Ne2 Qg6 21.Nf4 Qh7 22.Ne5 Nbd7 23.Nxf7 Rxf7
24.Bxf7+ Kxf7 25.Qc4+ Ke8 26.e5 Ng8 27.Ne6 Bb6 28.Bb4 Ne7 29.Bxe7 Kxe7 30.Qb4+ Ke8
31.Rf1 Nxe5 32.Qf8+ Kd7 33.Rae1 Qd3 34.Qxg7+  1-0

[Event "HC Andersen Open 2013"]
[Site "Odense DEN"]
[Date "2013.05.12"]
[Round "9.12"]
[White "Rostgaard,T"]
[Black "Bjerke,S"]
[Result "1-0"]
[WhiteElo "2275"]
[BlackElo "2210"]

1.d4 d5 2.c4 c6 3.Nc3 Nf6 4.e3 e6 5.Nf3 Nbd7 6.Qc2 Bd6 7.b3 O-O 8.Bd3 b6
9.Bb2 Bb7 10.O-O Qe7 11.e4 dxe4 12.Nxe4 Nxe4 13.Bxe4 f5 14.Bd3 Ba3 15.Bxa3 Qxa3
16.Rfe1 Rae8 17.Re2 Qd6 18.Rae1 Rf6 19.Ng5 Qxd4 20.Bxf5 Nf8 21.Bxh7+ Kh8
22.Be4 Re7 23.Rd2 Qe5 24.h4 c5 25.Rd8 Rd7 26.Rxd7 Nxd7 27.Qe2 Bxe4 28.Qh5+ Kg8
29.Rxe4 Qf5 30.f3 Nf8 31.Qe8 e5 32.Qxe5 Qxe5 33.Rxe5 Rd6 34.Re8 Rd2 35.Ra8 Re2
36.Rxa7 g6 37.Ra6 Nd7 38.Ra8+ Kg7 39.Ra7 Rd2 40.Ne4 Rd4 41.Nc3 Kf6 42.Nd5+ Ke6
43.Rb7 Rxh4 44.Nxb6 Ne5 45.Nd5 Rh8 46.a4 Nc6 47.Rb5 Kd6 48.Nc3 Nd4 49.Ne4+ Ke7
50.Rb7+  1-0

[Event "ch-USA w 2013"]
[Site "Saint Louis USA"]
[Date "2013.05.12"]
[Round "9"]
[White "Chiang,S"]
[Black "Kats,A"]
[Result "1-0"]
[WhiteElo "2098"]
[BlackElo "2144"]

1.d4 d5 2.c4 c6 3.Nf3 Nf6 4.Nc3 e6 5.e3 Nbd7 6.Bd3 dxc4 7.Bxc4 b5 8.Bd3 a6
9.e4 c5 10.d5 Bb7 11.O-O Qc7 12.Bc2 O-O-O 13.dxe6 Ne5 14.Qe2 Nxf3+ 15.Qxf3 fxe6
16.Qh3 Kb8 17.f4 Qb6 18.Be3 h5 19.a4 b4 20.a5 Qc6 21.Na4 Ng4 22.b3 Be7 23.Rac1 Nxe3
24.Qxe3 Bf6 25.Kh1 Bd4 26.Qg3 h4 27.Qh3 Rdg8 28.Rf3 g5 29.fxg5 Rxg5 30.Rcf1 Qd6
31.Nb6 Rg7 32.Rf7 Rhg8 33.Nc4 Qc6 34.Rxg7 Rxg7 35.Qxh4 Rg8 36.Rf7 Re8 37.Qg3+ e5
38.Qg7 Bc8 39.Nb6 c4 40.Nxc4 Be6 41.Rf6 Qc5 42.Bd3 Re7 43.Qh6 Bc8 44.Rc6 Qa7
45.Qd6+ Rc7 46.Nb6 Qb7 47.Rxc7 Qxc7 48.Qxc7+ Kxc7 49.Nxc8 Kxc8 50.Bxa6+ Kc7
51.g3  1-0

[Event "14th Euro Indiv 2013"]
[Site "Legnica POL"]
[Date "2013.05.14"]
[Round "9.9"]
[White "Korobov,A"]
[Black "Petrosian,TL"]
[Result "1-0"]
[WhiteElo "2705"]
[BlackElo "2645"]

1.d4 d5 2.c4 c6 3.Nc3 Nf6 4.e3 e6 5.Nf3 Nbd7 6.Qc2 Bd6 7.g4 h6 8.Rg1 dxc4
9.Bxc4 b5 10.Be2 Bb7 11.e4 e5 12.Be3 exd4 13.Nxd4 Bxh2 14.Rh1 Qc7 15.O-O-O g6
16.Kb1 a6 17.Nf3 Bd6 18.g5 Ng4 19.Bd4 Nge5 20.Rxh6 O-O-O 21.Nxe5 Bxe5 22.Bg4 Rhe8
23.Rh7 Bxd4 24.Rxd4 Qf4 25.Bxd7+ Rxd7 26.Nd5 Rxd5 27.Rxd5 Rxe4 28.Rd1 Re5
29.Qd3 Rd5 30.Qh3+ Qf5+ 31.Qxf5+ Rxf5 32.Rd6 c5 33.Rf6 Rxf6 34.gxf6 Bd5 35.Rh3 b4
36.Re3 Kc7 37.a3 a5 38.Kc2 Kd6 39.Re7 Kc6 40.Kd3 Kb6 41.Ke3 Kc6 42.Kf4 Bb3
43.Ke5 a4 44.Re8 Kc7 45.Rh8 Kd7 46.axb4 cxb4  1-0

[Event "14th Euro Indiv 2013"]
[Site "Legnica POL"]
[Date "2013.05.14"]
[Round "9.77"]
[White "Skytte,R"]
[Black "Gabuzyan,H"]
[Result "0-1"]
[WhiteElo "2426"]
[BlackElo "2532"]

1.d4 d5 2.c4 c6 3.Nc3 Nf6 4.e3 e6 5.Nf3 Nbd7 6.Bd3 dxc4 7.Bxc4 b5 8.Bd3 Bd6
9.O-O O-O 10.Qc2 Bb7 11.a3 a5 12.Bd2 b4 13.Na4 c5 14.dxc5 Nxc5 15.Nxc5 Bxc5
16.axb4 Bxb4 17.Bxb4 axb4 18.Be2 Bd5 19.Nd2 Rc8 20.Qd3 Qc7 21.e4 Ba8 22.Qe3 Qe5
23.Ra2 Rfd8 24.Bf3 Rc2 25.Nb3 Bxe4 26.Ra5 Qxb2 27.Bxe4 Nxe4 28.Nd4 Rc4 29.Nf3 Nc3
30.Qb6 Rdc8 31.g3 Nd5 32.Qb7 h6 33.Rxd5 exd5 34.Qxd5 Rc1 35.Nd4 Rxf1+ 36.Kxf1 Qa1+  0-1

[Event "14th Euro Indiv 2013"]
[Site "Legnica POL"]
[Date "2013.05.14"]
[Round "9.119"]
[White "Schachinger,M"]
[Black "Hristodoulou,P"]
[Result "1/2-1/2"]
[WhiteElo "2443"]
[BlackElo "2219"]

1.d4 d5 2.c4 c6 3.Nf3 Nf6 4.Nc3 e6 5.e3 Nbd7 6.Qc2 Bd6 7.Bd3 O-O 8.O-O h6
9.Bd2 Re8 10.h3 a6 11.a4 e5 12.cxd5 cxd5 13.dxe5 Nxe5 14.Nxe5 Bxe5 15.Ne2 Ne4
16.Nd4 Bxh3 17.gxh3 Qg5+ 18.Kh1 Qh4 19.Kg2 Qg5+ 20.Kh1 Qh4 21.Kg2 Qg5+ 22.Kh1  1/2-1/2

[Event "ch-KGZ Men 2013"]
[Site "Bishkek KGZ"]
[Date "2013.05.15"]
[Round "7"]
[White "Nurlanov,Zhakshylyk"]
[Black "Kachiev,E"]
[Result "1-0"]
[WhiteElo "1921"]
[BlackElo "2050"]

1.d4 d5 2.c4 c6 3.Nc3 e6 4.e3 Nf6 5.Nf3 Nbd7 6.Qc2 Be7 7.b3 O-O 8.Be2 Qc7
9.O-O e5 10.cxd5 cxd5 11.dxe5 Nxe5 12.Bb2 Bd6 13.h3 Qe7 14.Nd4 Bb8 15.Rac1 a6
16.Na4 Ng6 17.Nf5 Qe6 18.Bd3 b6 19.Rfd1 Bd7 20.Qb1 Ne5 21.Nd4 Qd6 22.Bf5 Ng6
23.Nf3 Bb5 24.Bxg6 hxg6 25.Be5 Qe6 26.Bxb8 Raxb8 27.Nd4 Qd6 28.Nxb5 axb5
29.Nc3 b4 30.Nxd5 Rfc8 31.Nf4 Qe5 32.Rd4 Rxc1+ 33.Qxc1 Qa5 34.Qc4 Qxa2 35.Qxb4 Qb1+
36.Kh2 Qf5 37.Qd6 Re8 38.Qxb6 g5 39.Nd3 g4 40.Rd8 gxh3 41.gxh3 Rxd8 42.Qxd8+ Kh7
43.Qd6 Qh5 44.Qf4 Qd5 45.Qc4 Qf3 46.Qh4+ Kg8 47.b4 Qd5 48.Qd4 Qb5 49.Nf4 Qb7
50.Qd8+ Kh7 51.Qd3+ g6 52.Qd4 Qf3 53.Nd3 g5 54.Qe5 Kg6 55.Qg3 Qf5 56.Ne5+ Kg7
57.Ng4 Nd7 58.Qd6 Qb5 59.Qd4+ f6 60.Qd6 Kf7 61.e4 Kg7 62.Kg2 Qb7 63.Qd5 Qc7
64.b5 Nb8 65.Qe6  1-0

[Event "27th Metropolitan GM"]
[Site "Los Angeles USA"]
[Date "2013.05.15"]
[Round "2"]
[White "Remlinger,L"]
[Black "Georgiev,Vl"]
[Result "0-1"]
[WhiteElo "2308"]
[BlackElo "2559"]

1.d4 d5 2.c4 e6 3.Nc3 c6 4.e3 Nf6 5.Nf3 a6 6.Qc2 c5 7.cxd5 exd5 8.Be2 cxd4
9.Nxd4 Bd6 10.Nf5 Bxf5 11.Qxf5 O-O 12.O-O Nc6 13.Rd1 Be5 14.g4 g6 15.Qf3 d4
16.e4 Qc7 17.Nd5 Nxd5 18.exd5 Ne7 19.Bh6 Rfd8 20.Bg5 Qd6 21.Bxe7 Qxe7 22.Bc4 Bxh2+
23.Kg2 Be5 24.Rh1 Qg5 25.Rae1 Rd7 26.Qh3 h5 27.Kf1 h4 28.Qxh4 Qxh4 29.Rxh4 Bf6
30.g5 Bxg5 31.Rxd4 Kg7 32.a4 Bf6 33.Rd2 Rh8 34.Re4 Rd6 35.Ke2 Rh1 36.Rc2 Bh4
37.Rf4 Bg5 38.Rg4 Bd8 39.Kf3 f5 40.Rd4 g5 41.Rd3 g4+ 42.Ke2 Bb6 43.Rb3 Kf6
44.a5 Bxf2 45.Rxb7 Rh2 46.Kf1 g3 47.Be2 Be3 48.Bd3 Rxd5  0-1

[Event "14th Euro Indiv 2013"]
[Site "Legnica POL"]
[Date "2013.05.16"]
[Round "11.36"]
[White "Shengelia,D"]
[Black "Rodshtein,M"]
[Result "0-1"]
[WhiteElo "2546"]
[BlackElo "2638"]

1.d4 d5 2.c4 c6 3.e3 Nf6 4.Nc3 e6 5.Nf3 Nbd7 6.Qc2 Bd6 7.Bd3 dxc4 8.Bxc4 b5
9.Bd3 Bb7 10.a4 a6 11.Bd2 Rc8 12.e4 b4 13.e5 bxc3 14.bxc3 c5 15.exd6 cxd4
16.Nxd4 Ne5 17.O-O Qxd6 18.Bf4 Nf3+ 19.Nxf3 Qxf4 20.Rfb1 Bxf3 21.gxf3 a5
22.Bb5+ Ke7 23.Qc1 Qxc1+ 24.Rxc1 Rhd8 25.Rab1 Nd5 26.c4 Nb4 27.c5 Rd5 28.c6 Kd6
29.Rc4 g5 30.Rbc1 Kc7 31.Rc5 Rcd8 32.Kg2 h6 33.Kg3 Rxc5 34.Rxc5 Rd5 35.Rc1 Rd4
36.Rh1 Nd5 37.Rb1 h5 38.Kg2 h4 39.Rc1 Rb4 40.Kf1 Rb3 41.Ke2 Nc3+ 42.Kd2 Nxb5
43.axb5 Rxb5 44.Rc4 f6 45.h3 e5 46.Ke3 Rb3+ 47.Ke2 Rb6 48.Rc5 Ra6 49.f4 gxf4
50.Kf3 a4 51.Kg4 a3 52.Rc1 a2 53.Ra1 Kxc6 54.Kxh4 Kd5 55.Kg4 Kc4 56.h4 Kb3  0-1

[Event "10th Orlova Open"]
[Site "Orlova CZE"]
[Date "2013.05.17"]
[Round "5.8"]
[White "Podlesny,Pa"]
[Black "Novak,Jir3"]
[Result "0-1"]
[WhiteElo "2128"]
[BlackElo "1828"]

1.d4 d5 2.c4 c6 3.Nc3 Nf6 4.e3 e6 5.Nf3 Bd6 6.c5 Bc7 7.b4 O-O 8.Bb2 Nbd7
9.Be2 Re8 10.O-O e5 11.Qc2 e4 12.Ne1 Nf8 13.g3 Ng4 14.Ng2 Qg5 15.h4 Qg6 16.Nf4 Nxe3
17.fxe3 Qxg3+ 18.Kh1 Qxh4+ 19.Kg1 Qg3+ 20.Kh1 Re6 21.Bh5 Rh6 22.Qg2 Bxf4
23.exf4 Rxh5+ 24.Kg1 Qxg2+  0-1

[Event "Asian Continental w 2013"]
[Site "Manila PHI"]
[Date "2013.05.18"]
[Round "1.15"]
[White "Jelsen,Y"]
[Black "Nguyen Thi Mai Hung"]
[Result "0-1"]
[WhiteElo "1997"]
[BlackElo "2284"]

1.d4 d5 2.c4 c6 3.Nc3 e6 4.e3 Nf6 5.Nf3 Nbd7 6.Bd3 Bd6 7.Qc2 O-O 8.O-O Qe7
9.e4 dxc4 10.Bxc4 e5 11.Re1 exd4 12.Nxd4 Bxh2+ 13.Kxh2 Qe5+ 14.g3 Qxd4 15.Bb3 Ne5
16.Rh1 Bg4 17.f4 Bf3 18.Rf1 Nfg4+ 19.Kh3 Qd7 20.f5 h5 21.Bf4 Rad8 22.Na4 Qd4
23.Nc3 Ne3 24.Bxe3 Qxe3 25.Rae1 Bg4+  0-1

[Event "Asian Continental 2013"]
[Site "Manila PHI"]
[Date "2013.05.18"]
[Round "1.14"]
[White "Vidit,S"]
[Black "Hamdani,R"]
[Result "1-0"]
[WhiteElo "2549"]
[BlackElo "2341"]

1.d4 d5 2.c4 e6 3.Nc3 c6 4.e3 Nf6 5.Nf3 a6 6.c5 Nbd7 7.b4 g6 8.Bb2 Bg7 9.Be2 O-O
10.O-O Ne8 11.e4 Nc7 12.Qb3 Rb8 13.e5 f6 14.exf6 Bxf6 15.Na4 Qe7 16.Rfe1 Qg7
17.Bf1 Re8 18.Rad1 Nb5 19.h4 b6 20.cxb6 Nxb6 21.Nc5 Ra8 22.g3 Nd6 23.Bh3 Qf7
24.Re2 Nbc4 25.Rde1 Nf5 26.Bc3 Ncd6 27.Qd1 Ra7 28.Qd3 h5 29.Bd2 Nc4 30.Bg5 Ree7
31.Bxf6 Qxf6 32.Ne5 Nxe5 33.Rxe5 Nd6 34.f4 Re8 35.Kh2 Nc4 36.R5e2 Qf7 37.a4 Qf6
38.Qc3 Qf7 39.Nd3 Qf8 40.Ne5 Nxe5 41.Rxe5 Rb7 42.f5 Rxb4 43.f6 Kh8 44.f7 Rd8
45.Bxe6 Rc4 46.Qf3 Rc2+ 47.Kh1  1-0

[Event "10th Orlova Open"]
[Site "Orlova CZE"]
[Date "2013.05.18"]
[Round "6.7"]
[White "Chlevistan,J"]
[Black "Rydzewski,P"]
[Result "1-0"]
[WhiteElo "2119"]
[BlackElo "1818"]

1.Nf3 Nf6 2.c4 c6 3.d4 d5 4.Nc3 e6 5.e3 Be7 6.Bd3 O-O 7.O-O Nbd7 8.e4 dxe4
9.Nxe4 Nxe4 10.Bxe4 Nf6 11.Bc2 c5 12.Bg5 cxd4 13.Qxd4 Qxd4 14.Nxd4 Rd8 15.Rfd1 e5
16.Nf5 Bxf5 17.Bxf5 Nd5 18.Bxe7 Nxe7 19.Be4 Nc6 20.Kf1 Kf8 21.Bxc6 bxc6 22.b4 a5
23.b5 cxb5 24.cxb5 a4 25.b6 Rdb8 26.Rab1 Ra6 27.b7 Ke7 28.Rd5 f6 29.Ke2 Ra7
30.Rdb5 Kd6 31.Kd3 Kc6 32.Kc4 e4 33.Kd4 f5 34.Rc5+ Kd6 35.Rb6+ Kd7 36.Rxf5 Kc7
37.Rb4 Raxb7 38.Rxb7+ Kxb7 39.Rb5+  1-0

[Event "BSG Pinkstertoernooi 2013"]
[Site "Bussum NED"]
[Date "2013.05.19"]
[Round "4.17"]
[White "Van 't Hof,E"]
[Black "Veldhuysen,K"]
[Result "1-0"]
[WhiteElo "2152"]
[BlackElo "1968"]

1.d4 d5 2.c4 c6 3.Nf3 Nf6 4.Nc3 e6 5.e3 a6 6.Ne5 Nbd7 7.f4 Be7 8.b3 Ne4 9.Nxe4 dxe4
10.Be2 O-O 11.O-O Nxe5 12.fxe5 b6 13.Qc2 Bb7 14.Qxe4 Qd7 15.Bd3 g6 16.Bb2 Rad8
17.Rad1 Bg5 18.Rfe1 Qe7 19.Qg4 h5 20.Qe2 c5 21.Qc2 Kh7 22.a3 Rg8 23.Bc3 Ba8
24.b4 Bh4 25.Rf1 Bg5 26.Rde1 Rd7 27.Qe2 Kh6 28.bxc5 bxc5 29.dxc5 Qxc5 30.Bd4 Qe7
31.Rb1 a5 32.Rb5 a4 33.Bc5 Qd8 34.Bd6 Bb7 35.c5 Qa8 36.Rb4 Bc6 37.h4 Bd8
38.Rbf4 Qa7 39.Qf2 Kg7 40.Qg3 Kh7 41.Kh2 Rg7 42.Qf2 Kg8 43.Rb4 Bc7 44.Bb5 Bxd6
45.cxd6 Bxb5 46.Rxb5 Kh7 47.Rc1 Rg8 48.Rbc5 Rgd8 49.Qf4 Qa6 50.R5c4 Qa5 51.Rxa4 Qd2
52.Rac4 Rb8 53.R4c2 Qd5 54.Rc7 Rb7 55.R1c2 Qb5 56.a4 Qa5 57.Rc8 Rd8 58.R2c7  1-0

[Event "Asian Continental 2013"]
[Site "Manila PHI"]
[Date "2013.05.19"]
[Round "2.3"]
[White "Al Sayed,Mohamad"]
[Black "Negi,P"]
[Result "1-0"]
[WhiteElo "2502"]
[BlackElo "2651"]

1.d4 d5 2.c4 c6 3.Nc3 Nf6 4.e3 e6 5.Nf3 Nbd7 6.Bd3 dxc4 7.Bxc4 b5 8.Bd3 Bd6
9.O-O O-O 10.Bd2 Bb7 11.Rc1 a5 12.e4 e5 13.dxe5 Nxe5 14.Nxe5 Bxe5 15.Qe2 Re8
16.Rfd1 Qb8 17.g3 a4 18.Be3 a3 19.b4 Bxc3 20.Rxc3 Nxe4 21.Bxe4 Rxe4 22.Rd7 c5
23.Qh5 g6 24.Qxc5 Re8 25.Qd4 Qd8 26.Rxb7  1-0

[Event "10th Orlova Open"]
[Site "Orlova CZE"]
[Date "2013.05.19"]
[Round "7.12"]
[White "Rydzewski,P"]
[Black "Kukuczka,M"]
[Result "1-0"]
[WhiteElo "1818"]
[BlackElo "2027"]

1.d4 d5 2.c4 c6 3.e3 Nf6 4.Nc3 e6 5.Nf3 Be7 6.Qc2 Nbd7 7.g4 dxc4 8.Bxc4 b5
9.Bd3 Bb7 10.g5 Nd5 11.e4 Nb4 12.Qe2 Nxd3+ 13.Qxd3 a6 14.Bf4 Rc8 15.Rd1 O-O
16.d5 cxd5 17.exd5 exd5 18.Nxd5 Nc5 19.Qd2 Re8 20.O-O Ne4 21.Nxe7+ Qxe7 22.Qe3 Qe6
23.Rfe1 Qg4+ 24.Bg3 g6 25.Qf4 Qh3 26.Re3 Nd2 27.Rxe8+ Rxe8 28.Nh4 Qd7 29.Qd6 Qg4
30.Qxd2 Qe6 31.f3  1-0

[Event "Asian Continental 2013"]
[Site "Manila PHI"]
[Date "2013.05.20"]
[Round "3.5"]
[White "Li Shilong"]
[Black "Nguyen Duc Hoa"]
[Result "1/2-1/2"]
[WhiteElo "2558"]
[BlackElo "2503"]

1.d4 d5 2.c4 e6 3.Nc3 c6 4.e3 Nf6 5.Nf3 Nbd7 6.Bd3 dxc4 7.Bxc4 b5 8.Bd3 a6
9.e4 c5 10.d5 Bb7 11.O-O Qb6 12.Bf4 Be7 13.a4 b4 14.a5 Qa7 15.dxe6 fxe6 16.Na4 Bxe4
17.Bxe4 Nxe4 18.Re1 Qb7 19.Qc2 Ndf6 20.Nb6 Rd8 21.Qa4+ Kf8 22.Qb3 Bd6 23.Ng5 Nxg5
24.Bxg5 Qf7 25.Rad1 h6 26.Bf4 e5 27.Qxf7+ Kxf7 28.Be3 Be7 29.Rc1 Nd7 30.Nc4 Kf6
31.f3 Rhe8 32.Rcd1 Nb8 33.Rxd8 Rxd8 34.Nxe5 Rd5 35.Bf4 Bd6 36.Ng4+ Kf7 37.Ne3 Rd3
38.Bxd6 Rxd6 39.Nc4 Rd5 40.Ne5+ Kf6 41.b3 Nd7 42.Nxd7+ Rxd7 43.Kf2 Rd2+ 44.Re2 Rd3
45.Rb2 Rd5 46.Ke3 Ke6 47.f4 Rh5 48.Ke4 Kd6 49.g3 Rd5 50.g4 g5 51.fxg5 hxg5
52.Rf2 Rd4+ 53.Kf5 Rf4+ 54.Rxf4 gxf4 55.Kxf4 c4 56.Ke3 c3  1/2-1/2

[Event "Asian Continental w 2013"]
[Site "Manila PHI"]
[Date "2013.05.21"]
[Round "4.10"]
[White "Nguyen Thi Thanh An"]
[Black "Nadia,Anggraeni M"]
[Result "1-0"]
[WhiteElo "2250"]
[BlackElo "1854"]

1.d4 d5 2.c4 c6 3.e3 Nf6 4.Nc3 e6 5.Nf3 Nbd7 6.Bd3 dxc4 7.Bxc4 b5 8.Bd3 Bb7
9.O-O a6 10.e4 b4 11.Na4 c5 12.e5 Nd5 13.dxc5 Nxc5 14.Bg5 Qa5 15.Nxc5 Bxc5
16.Nd2 Qc7 17.Ne4 Bf8 18.Rc1 Qd7 19.Rc4 h6 20.Bc2 Nb6 21.Rd4 Bd5 22.Bf4 Rc8
23.Bd3 Qb7 24.Qe2 Ra8 25.Rc1 Nd7 26.h3 Be7 27.Qd2 g5 28.Bg3 Qb6 29.Bb1 a5
30.Nd6+ Bxd6 31.exd6 O-O 32.Qd3 f5 33.Rxd5 exd5 34.Qxd5+ Kg7 35.Rc7 Rf7 36.Be5+ Nxe5
37.Qxe5+ Kg8 38.Rxf7 Kxf7 39.Qxf5+ Kg7  1-0

[Event "Asian Continental w 2013"]
[Site "Manila PHI"]
[Date "2013.05.21"]
[Round "4.12"]
[White "Perena,C"]
[Black "Wang Doudou"]
[Result "1-0"]
[WhiteElo "2170"]
[BlackElo "2162"]

1.d4 d5 2.c4 c6 3.Nf3 Nf6 4.Nc3 e6 5.e3 Nbd7 6.Bd3 dxc4 7.Bxc4 b5 8.Be2 b4
9.Na4 Bb7 10.O-O Be7 11.Bd2 O-O 12.Qb3 c5 13.dxc5 Nxc5 14.Nxc5 Bxc5 15.Rac1 Bd6
16.Rfd1 Qb6 17.Be1 Ne4 18.Nd4 a5 19.Bc4 Nc5 20.Qc2 Rac8 21.Qe2 Bb8 22.Qh5 Ne4
23.Bd3 Nf6 24.Qh4 Rxc1 25.Rxc1 Qd6 26.Bb1 Qe5 27.a3 Bd6 28.axb4 axb4 29.Qh3 h6
30.Rd1 Rd8 31.f4 Qd5 32.Qf3 Qxf3 33.Nxf3 Nd5 34.Bf2 Bc7 35.Ne5 f6 36.Nf3 Kf7
37.Nd4 Bb6 38.Ba2 f5 39.Bb3 Kf6 40.Bh4+ g5 41.fxg5+ hxg5 42.Bxg5+ Kxg5 43.Nxe6+ Kg4
44.Nxd8 Nxe3 45.Rd6 Bxd8 46.Rxd8 f4 47.Bd1+ Kg5 48.Bf3 Ba6 49.Rb8  1-0

[Event "ch-CZE 2013"]
[Site "Ledec nad Sazavou CZE"]
[Date "2013.05.22"]
[Round "2.2"]
[White "Cvek,R"]
[Black "Navara,D"]
[Result "0-1"]
[WhiteElo "2540"]
[BlackElo "2697"]

1.Nf3 d5 2.d4 Nf6 3.c4 e6 4.Nc3 c6 5.e3 Nbd7 6.b3 Bb4 7.Bd2 O-O 8.Bd3 Qe7
9.Ne2 e5 10.dxe5 Ng4 11.cxd5 Ndxe5 12.Nxe5 Nxe5 13.Qc2 Bxd2+ 14.Qxd2 Rd8
15.Nc3 Bh3 16.Kf1 Nxd3 17.Qxd3 Be6 18.Qe4 cxd5 19.Qd4 Rac8 20.Ke2 Qg5 21.g3 Bg4+
22.Kd2 Rc4 23.Qxa7 Qf6 24.bxc4 dxc4+ 25.Kc2 Qxf2+ 26.Kc1 Bf5  0-1